000 01333cam a2200253 4500
001 ABS65310
008 020419n2002 000 0 eng u
035 _a(Sirsi) u117597
100 _aLogan, S
245 _aHigh rise, low energy
260 _c2002
490 _aBuilding Services Journal
_vMarch 2002, 40-45(5)
520 _aDiscusses how services engineers can influence the energy impact of high rise buildings, and argues that tenants should also be educated in how to maintain low energy buildings. Considers the role of developers and the project elements they can influence. Looks at the purpose of air conditioning, discussing five main systems based on a 30-storey office: fan coil units, VAV (variable air volume), displacement ventilation with chilled ceilings, mixed-mode ventilation, and natural ventilation. Concludes with a brief look at energy saving lighting design. Graphs. Figure.
590 _aABS
650 _aHIGH RISE BUILDINGS
650 _aTALL BUILDINGS
650 _aENERGY USE
650 _aLOW ENERGY BUILDINGS
650 _aBUILT ENVIRONMENT-BUILDING ELEMENTS-COMPLETE BUILDING SERVICES ELEMENTS-COMPLETE HEATING, VENTILATION AND AIR CONDITIONING SYSTEMS
650 _aVENTILATION
650 _aLIGHTING
690 _aBUILDING AND CONSTRUCTION-ENERGY MANAGEMENT
942 _n0
999 _c70023
_d70023